| 000 | 00750nam a2200241 i 4500 | ||
|---|---|---|---|
| 001 | 33720 | ||
| 003 | BD-RjUL | ||
| 005 | 20211209052041.0 | ||
| 008 | 140511r19681956uk 00100 eng d | ||
| 020 | _a0710033591 | ||
| 035 | _a(BD-RjUL)33811 | ||
| 040 |
_aBD-RjUL _beng _cBD-RjUL |
||
| 041 | _aeng | ||
| 082 |
_a303.6 _bCOF 1968 |
||
| 100 | 1 |
_aCoser, Lewis A. _q(Lewis Alfred), _d1913- _9102386 |
|
| 245 | 1 | 4 |
_aThe functions of social conflict / _cby Lewis A. Coser. |
| 260 | 0 |
_aLondon : _bRoutledge & Kegan Paul, _c1956 [printing 1968] |
|
| 300 |
_a188 [15] p. ; _c23 cm. |
||
| 504 | _aIncludes index. | ||
| 650 | 0 |
_aSocial conflict. _9102388 |
|
| 942 |
_2ddc _cBK |
||
| 999 |
_c33720 _d33720 |
||